Wszystkie miasta województwa lubelskiego na mapie - Statystyki

Ogólne statystyki
  • Ten quiz został rozwiązany 9 694 razy
    1 452 od ostatniego zresetowania
  • Średni wynik to 31 z 58
Odpowiedzi na mapie
Odpowiedzi zakodowano w zielono-czerwonej skali na mapie do tego quizu, zgodnie z poniższymi procentami.
 
Statystyki odpowiedzi
Miasto % Poprawnych
Lublin
99%
Zamość
93%
Chełm
90%
Biała Podlaska
89%
Puławy
85%
Świdnik
80%
Hrubieszów
78%
Biłgoraj
74%
Kraśnik
74%
Tomaszów Lubelski
74%
Krasnystaw
72%
Lubartów
72%
Łęczna
71%
Łuków
71%
Włodawa
70%
Opole Lubelskie
69%
Janów Lubelski
68%
Radzyń Podlaski
66%
Ryki
64%
Dęblin
62%
Kazimierz Dolny
62%
Parczew
61%
Terespol
61%
Nałęczów
56%
Annopol
54%
Międzyrzec Podlaski
50%
Szczebrzeszyn
50%
Piaski
48%
Rejowiec
48%
Zwierzyniec
48%
Frampol
47%
Bychawa
46%
Józefów
46%
Kock
46%
Janów Podlaski
45%
Rejowiec Fabryczny
45%
Poniatowa
42%
Krasnobród
41%
Bełżyce
40%
Stoczek Łukowski
40%
Goraj
37%
Józefów nad Wisłą
36%
Tarnogród
36%
Izbica
35%
Końskowola
35%
Kurów
34%
Ostrów Lubelski
34%
Urzędów
34%
Lubycza Królewska
33%
Modliborzyce
33%
Kamionka
30%
Turobin
30%
Wąwolnica
30%
Piszczac
29%
Siedliszcze
29%
Tyszowce
29%
Czemierniki
27%
Łaszczów
27%
Nie znaleziono quizów pasujących do podanych kryteriów
Rozkład punktacji
Procent ludzi z każdym wynikiem
Percentyl według liczby udzielonych odpowiedzi
Twoja historia wyników
Nie rozwiązałeś tego quizu od ostatniego zresetowania